书目信息 |
| 题名: |
土木工程专业课程设计指导书
|
|
| 作者: | 贾莉莉 编 | |
| 分册: | ||
| 出版信息: | 合肥 合肥工业大学出版社 2015.02 |
|
| 页数: | 259页 | |
| 开本: | 26cm | |
| 丛书名: | ||
| 单 册: | ||
| 中图分类: | TU22 | |
| 科图分类: | ||
| 主题词: | 房屋建筑学--fang wu jian zhu xue--课程设计--高等学校--教学参考资料 , 混凝土结构--hun ning tu jie gou--课程设计--高等学校--教学参考资料 | |
| 电子资源: | ||
| ISBN: | 978-7-5650-1864-0 | |
| 000 | 01263nam0 2200289 450 | |
| 001 | CAL 0120151529785 | |
| 005 | 20150819140216.31 | |
| 010 | @a978-7-5650-1864-0@dCNY34.00 | |
| 100 | @a20150324d2015 em y0chiy50 ea | |
| 101 | 0 | @achi |
| 102 | @aCN@b340000 | |
| 105 | @aak a 000yy | |
| 106 | @ar | |
| 200 | 1 | @a土木工程专业课程设计指导书@Atu mu gong cheng zhuan ye ke cheng she ji zhi dao shu@e房屋建筑学 混凝土结构@f贾莉莉 ... [等] 编 |
| 205 | @a第2版 | |
| 210 | @a合肥@c合肥工业大学出版社@d2015.02 | |
| 215 | @a259页@c图@d26cm | |
| 320 | @a有书目 (第259页) | |
| 330 | @a本书分为两大部分, 第一部分是房屋建筑学课程设计指导书, 介绍几种常见民用建筑设计的建筑功能组成、结构形式、造型、节点等, 概述国家现行的建筑设计规范 ; 第二部分是混凝土结构课程设计指导书, 包括钢筋混凝土肋梁楼盖结构设计和单层厂房排架体系结构设计两部分, 介绍了混凝土结构计算、设计及施工图绘制。 | |
| 517 | 1 | @a房屋建筑学 混凝土结构@Afang wu jian zhu xue hun ning tu jie gou |
| 586 | @a | |
| 606 | 0 | @a房屋建筑学@Afang wu jian zhu xue@x课程设计@x高等学校@j教学参考资料 |
| 606 | 0 | @a混凝土结构@Ahun ning tu jie gou@x课程设计@x高等学校@j教学参考资料 |
| 690 | @aTU22@v5 | |
| 701 | 0 | @a贾莉莉@Ajia li li@4编 |
| 801 | 0 | @aCN@c20150820 |
| 905 | @a河南城建学院图书馆@dTU22@eJ243@f3 | |
| 土木工程专业课程设计指导书:房屋建筑学 混凝土结构/贾莉莉 ... [等] 编.-第2版.-合肥:合肥工业大学出版社,2015.02 |
| 259页:图;26cm |
| ISBN 978-7-5650-1864-0:CNY34.00 |
| 本书分为两大部分, 第一部分是房屋建筑学课程设计指导书, 介绍几种常见民用建筑设计的建筑功能组成、结构形式、造型、节点等, 概述国家现行的建筑设计规范 ; 第二部分是混凝土结构课程设计指导书, 包括钢筋混凝土肋梁楼盖结构设计和单层厂房排架体系结构设计两部分, 介绍了混凝土结构计算、设计及施工图绘制。 |
| ● |
| 相关链接 |
|
|
|
正题名:土木工程专业课程设计指导书
索取号:TU22/J243
 
预约/预借
| 序号 | 登录号 | 条形码 | 馆藏地/架位号 | 状态 | 备注 |
| 1 | 1166569 | 211665697 | 建筑库101/101建筑库 41排4列3层/ [索取号:TU22/J243] | 在馆 | |
| 2 | 1166570 | 211665704 | 建筑库101/101建筑库 45排5列4层/ [索取号:TU22/J243] | 在馆 | |
| 3 | 1166571 | 211665713 | 建筑库101/101建筑库 45排5列4层/ [索取号:TU22/J243] | 在馆 |